Skúsenosti, ktoré získala Európska komisia pri vývoji druhej generácie Schengenského informačného systému (SIS II) osobitná správa č. 3 : (podľa článku 287 ods. 4 druhého pododseku ZFEÚ)

Saved in:
Bibliographic Details
Corporate Author: European Court of Auditors
Format: Book
Language:Slovak
Published: Luxemburg Úrad pre vydávanie publikácií Európskej únie 2014
Subjects:
Tags: Add Tag
No Tags, Be the first to tag this record!

MARC

LEADER 00000nam a2200000 4500
001 0188983
005 20240318125832.2
020 |a 978-92-9241-949-3 
022 |a 1831-0931 
041 0 |a slo 
044 |a LU 
245 1 0 |a Skúsenosti, ktoré získala Európska komisia pri vývoji druhej generácie Schengenského informačného systému (SIS II)  |b osobitná správa č. 3 : (podľa článku 287 ods. 4 druhého pododseku ZFEÚ) 
264 1 |a Luxemburg  |b Úrad pre vydávanie publikácií Európskej únie  |c 2014 
300 |a 58 s. 
610 2 0 |a revízia 
610 2 0 |a audit 
610 2 0 |a systémy informačné medzinárodné 
610 2 0 |a Európska únia 
610 2 0 |a colníctvo 
610 2 0 |a polícia 
710 2 |a European Court of Auditors